000 00336nam a2200121Ia 4500
008 170620s9999 xx 000 0 und d
100 _aTHE WEALTH OF INDIA
245 2 _aA DICITONARY OF INDIAN RAW MATRIAL VOL 5 L.K.
260 _bGOVT OF INDIA
260 _c2001
300 _a332
546 _aEnglish
690 _aA DICITONARY OF INDIAN RAW MATRIAL VOL 5 L.K.
999 _c30768
_d30768